000 00701nab a22002297a 4500
001 08319
003 HDC
007 cr bn ---aaaaa
008 210128c20180608my ||||| |||| 00| 0 may d
040 _aHDC
245 0 _aKulit terbakar wajah terkena matahari
336 _atext
_2rdacontent
337 _acomputer
_2rdamedia
338 _aonline resource
_2rdacarrier
650 _aBeauty products
_98821
650 _aDrug Abuse
_98197
710 _aHarian Metro
856 _zRequest full-text at [email protected]
942 _2lcc
942 _cNEWS
942 _kNWSC 002101
999 _c5642
_d5642